Comunicación de masas: una perspectiva sociológica

Zapisane w:
Opis bibliograficzny
1. autor: Wright, Charles Robert (Autor)
Format: Książka
Język:hiszpański
Wydane: Ciudad de México Paidós 1986
Seria:Paidós Studio, 44
Hasła przedmiotowe:
Etykiety: Dodaj etykietę
Nie ma etykietki, Dołącz pierwszą etykiete!

MARC

LEADER 00000nam a2200000 a 4500
001 UCL3186
003 CL-VaPUC
008 031114e19860000MX |||||||||||||||||spa|d
020 |a 9688530506 
082 0 4 |a 302.23  |b WRI  |2 21 
100 0 |a Wright, Charles Robert  |e author  |9 480445 
245 1 0 |a Comunicación de masas: una perspectiva sociológica 
300 |a 155 p 
942 |c BK 
945 |d 20031114 00:00:00  |a cmena 
260 |a Ciudad de México  |b Paidós  |c 1986 
650 7 |a COMUNICACION DE MASAS  |2 CL-VaPUC  |9 334823 
650 0 |a Medios de comunicación  |9 257206 
650 0 |a Influencia social  |9 309315 
650 0 |a Comunicación   |9 257251 
650 0 |a Psicología social   |9 222894 
650 0 |a Sociología de la comunicación  |9 337679 
583 |a last modification  |c 20031114 00:00:00  |k Rodrigo Vera 
490 0 |a Paidós Studio, 44 
999 |c 306307  |d 306305 
952 |0 0  |1 0  |4 0  |6 302_230000000000000_WRI_1986  |7 0  |8 P  |9 371232  |a BIBEDU  |b BIBEDU  |d 2019-11-21  |i 3962199  |o 302.23 WRI 1986  |p 3962199  |r 2019-11-21  |w 2019-11-21  |y BK  |k LIT